|
|
|
แสดงรายละเอียดบรรณานุกรม |
|
|
Brief Record
: Get Marc (ISO 2709)
: E-mail record
: |
|
|
| LEADER 00000nam 2200000uu 4500 | |||
| 001 50683 | |||
| 003 ULIBM | |||
| 008 180105s||||||||th 000 0 tha d | |||
| 020 ^a 978 616 236 996 4 | |||
| 082 0 ^a 510.76 ^b ก - ต | |||
| 100 0 ^a กษิติ์เดช สุนรานนท์ | |||
| 245 00 ^a แนวข้อสอบ PAT 1 ฉบับอัพเดทข้อสอบปีล่าสุด 61-62 /^c กษิติ์เดช สุนรานนท์ | |||
| 250 ^a พิมพ์ครั้งที่ 1 | |||
| 260 ^a นนทบุรี :^b ธิงค์ บียอนด์ บุ๊คสื,2560 | |||
| 300 ^a 260 หน้า 199 บาท | |||
| 999 ^aลภัสรดา แสงบุญเรือง | |||
| คุณยังไม่ได้ล็อกอิน คุณสามารถมีกิจกรรมร่วมกับเว็บไซต์ได้ แต่ต้องล็อกอินก่อน :: |
|
| สถานะ | |||||||||
| 1. | หนังสือ | 510.76 ก - ต Barcode: 083080 | ►หนังสือทั่วไป | On Shelf ขอยืม | |||||
| 2. | หนังสือ | 510.76 ก - ต Barcode: 083081 | ►หนังสือทั่วไป | On Shelf ขอยืม | |||||
| [แสดง 2/2 รายการ] | |||||||||

BibComment |
| คอมเมนท์ทรัพยากรรายการนี้ |
|
|
ห้องสมุดโรงเรียนสามัคคีวิทยาคม
159 ถ.บรรพปราการ ต.เวียง อ.เมือง จ.เชียงราย 57000
โทร. 053-711018 โทรสาร 053-713003